000 00499nam a22001817a 4500
008 170725b xxu||||| |||| 00| | tur d
020 _a9789752896819
041 _atur
050 _aPL248.T354
100 _aSusam, Asuman
_9519
245 _aYangın Yıllarından Nidaya Ahmet Telli Şiiri
250 _a1. Baskı
260 _aİstanbul
_bEverest Yayınları
_cŞubat 2010
300 _a173 sayfa
500 _aİnceleme 2 adet mevcuttur.
650 0 _9145
_aTürk Edebiyatı
942 _2lcc
_cBK
999 _c685
_d677